| 000 | 00942nam a2200193 4500 | ||
|---|---|---|---|
| 999 |
_c63813 _d63813 |
||
| 003 | Ge_BSU | ||
| 005 | 20260120210548.0 | ||
| 008 | 260120s1986 ge ||||| |||| 00| 0 geo d | ||
| 041 | _ageo | ||
| 080 | _a330.1(035) მ-82 | ||
| 245 |
_aმოკლე ეკონომიკური ცნობარი / _c[შემდგ.: ი. ბაქრაძე, პ. გარუჩავა, ჯ. კახნიაშვილი და სხვა]. |
||
| 264 |
_aთბ. : _bთბილ. უნ-ტის გამ-ბა, _c1986. |
||
| 300 |
_a96 გვ. ; _b19 სმ. |
||
| 653 | _aეკონომიკა - ცნობარები. | ||
| 700 |
_aბაქრაძე, ი. _eშემდგენელი _93093 |
||
| 700 |
_aგარუჩავა, პ. _eშემდგენელი _926711 |
||
| 700 |
_aკახნიაშვილი, ჯ. _eშემდგენელი _926712 |
||
| 942 |
_2udc _cᲬᲘᲒᲜᲘ |
||